Macintosh system 7 : the complete sourcebook
| Main Author: | |
|---|---|
| Other Authors: | |
| Format: | Book |
| Published: |
London :
McGraw Hill ,
1992
|
| Edition: | Ist ed |
| Subjects: |
MARC
| LEADER | 00000cam a2200000 7i4500 | ||
|---|---|---|---|
| 001 | 0000000145 | ||
| 002 | 000000201 | ||
| 005 | 20080122.0 | ||
| 020 | |a 083063553X | ||
| 090 | 0 | 0 | |a 005.4469 |b CAM |
| 100 | 1 | |a Campbell, Gordon M | |
| 245 | 1 | 0 | |a Macintosh system 7 : |b the complete sourcebook |c Gordon M. Campbell |
| 250 | |a Ist ed | ||
| 260 | |a London : |b McGraw Hill , |c 1992 | ||
| 300 | |a 357 p. ; |c 24 cm. | ||
| 650 | 0 | 0 | |a Macintosh (Computer) |
| 650 | 0 | 0 | |a System 7 |
| 700 | 1 | |a Cook, David , |d 1962- | |
| 999 | |a 027698 |b BUKU |c PINJAMAN |e PERPUSTAKAAN KOMUNITI PETALING JAYA | ||